Statistics for Capital Chain (Oceania)

Click here to take the quiz!

General Stats

  • This quiz has been taken 8 times
  • The average score is 12 of 14

Answer Stats

HintAnswer% Correct
New ZealandWellington
100%
SamoaApia
88%
AustraliaCanberra
88%
TongaNuku’alofa
88%
Papua New GuineaPort Moresby
88%
VanuatuPort Vila
88%
FijiSuva
88%
TuvaluFunafuti
75%
Solomon IslandsHoniara
75%
Marshall IslandsMajuro
75%
PalauNgerulmud
75%
MicronesiaPalikir
75%
KiribatiSouth Tarawa
75%
NauruYaren
75%

Score Distribution

Percentile by Number Answered

Percent of People with Each Score

Your Score History

You have not taken this quiz